[Event "EU-Cup (Women) 26th"]
[Site "Mayrhofen"]
[Date "2022.10.04"]
[Round "2.4"]
[White "Beydullayeva, Govhar"]
[Black "Arutyunova, Diana"]
[Result "1-0"]
[WhiteElo "2356"]
[BlackElo "2175"]
[PlyCount "55"]
[EventDate "2022.10.03"]
[EventType "team-swiss"]
[EventRounds "7"]
[EventCountry "AUT"]
[SourceTitle "CBM 210 Extra"]
[Source "ChessBase"]
[SourceDate "2022.11.30"]
[SourceVersion "1"]
[SourceVersionDate "2022.11.30"]
[SourceQuality "1"]
[WhiteTeam "Odlar Yurdu (W)"]
[BlackTeam "Blue & Yellow (W)"]
[WhiteTeamCountry "AZE"]
[BlackTeamCountry "UKR"]

1. d4 c5 2. d5 e6 3. e4 exd5 4. exd5 d6 5. Bd3 Nf6 6. Nc3 Be7 7. h3 0-0 8. Nf3 Na6 9. 0-0 Nc7 10. Re1 Rb8 11. a4 Ncxd5 12. Nxd5 Nxd5 13. Bxh7+ Kxh7 14. Qxd5 Be6 15. Qh5+ Kg8 16. Re4 Qb6 17. Bg5 Qxb2 18. Bxe7 Qxa1+ 19. Kh2 g6 20. Qg5 Bf5 21. Re1 Qh8 22. g4 Qc3 23. Re3 f6 24. Qh4 g5 25. Qg3 Qxc2 26. Bxf8 Rxf8 27. gxf5 Rf7 28. Nxg5 1-0

[Event "Kragero (Women)"]
[Site "Kragero"]
[Date "2022.06.06"]
[Round "9"]
[White "Hryzlova, Sofiia"]
[Black "Arutyunova, Diana"]
[Result "1/2-1/2"]
[WhiteElo "2165"]
[BlackElo "2160"]
[PlyCount "27"]
[EventDate "2022.06.02"]
[EventType "tourn"]
[EventRounds "9"]
[EventCountry "NOR"]
[SourceTitle "CBM 208 Extra"]
[Source "ChessBase"]
[SourceDate "2022.07.31"]
[SourceVersion "1"]
[SourceVersionDate "2022.07.31"]
[SourceQuality "1"]

1. Nf3 b6 2. g3 Bb7 3. Bg2 g6 4. 0-0 Bg7 5. d4 Nf6 6. c4 0-0 7. b3 c5 8. Bb2 cxd4 9. Nxd4 Bxg2 10. Kxg2 Nc6 11. Nxc6 dxc6 12. Nd2 Qc7 13. Nf3 Rad8 14. Qc2 1/2-1/2

[Event "Kragero (Women)"]
[Site "Kragero"]
[Date "2022.06.05"]
[Round "8"]
[White "Arutyunova, Diana"]
[Black "Gaboyan, Susanna"]
[Result "0-1"]
[WhiteElo "2160"]
[BlackElo "2247"]
[PlyCount "99"]
[EventDate "2022.06.02"]
[EventType "tourn"]
[EventRounds "9"]
[EventCountry "NOR"]
[SourceTitle "CBM 208 Extra"]
[Source "ChessBase"]
[SourceDate "2022.07.31"]
[SourceVersion "1"]
[SourceVersionDate "2022.07.31"]
[SourceQuality "1"]

1. e4 d6 2. d4 Nf6 3. Nc3 e5 4. dxe5 dxe5 5. Qxd8+ Kxd8 6. Nf3 Bd6 7. Bc4 Be6 8. Bxe6 fxe6 9. b3 Nc6 10. Bb2 Nd4 11. Nxd4 exd4 12. Nb5 e5 13. c3 Nxe4 14. Nxd6 cxd6 15. cxd4 Rc8 16. dxe5 Rc2 17. Bd4 dxe5 18. Bxa7 Ke7 19. Be3 Ra8 20. a4 Rb2 21. 0-0 Rxb3 22. Rab1 Rxb1 23. Rxb1 Nd6 24. Bc5 Rxa4 25. Rxb7+ Ke6 26. Rb1 Nf5 27. Re1 Kd5 28. Bb6 Kc6 29. Be3 Nxe3 30. fxe3 Kd5 31. Re2 Ke4 32. Kf2 Rc4 33. Ra2 Rc7 34. Ke2 Rc4 35. Kd2 Rb4 36. Ke2 h5 37. g3 g5 38. h3 Kf5 39. Kf3 Rc4 40. Rb2 Ra4 41. Rc2 g4+ 42. hxg4+ hxg4+ 43. Ke2 Ra7 44. Kd3 Rd7+ 45. Ke2 Rh7 46. Kf1 Ke4 47. Kg2 Kxe3 48. Rc3+ Kd4 49. Ra3 Rc7 50. Ra2 0-1

[Event "Kragero (Women)"]
[Site "Kragero"]
[Date "2022.06.04"]
[Round "5"]
[White "Arutyunova, Diana"]
[Black "Grave, Jacob Templen"]
[Result "1/2-1/2"]
[WhiteElo "2160"]
[BlackElo "2227"]
[PlyCount "24"]
[EventDate "2022.06.02"]
[EventType "tourn"]
[EventRounds "9"]
[EventCountry "NOR"]
[SourceTitle "CBM 208 Extra"]
[Source "ChessBase"]
[SourceDate "2022.07.31"]
[SourceVersion "1"]
[SourceVersionDate "2022.07.31"]
[SourceQuality "1"]

1. e4 c6 2. d4 d5 3. Nc3 dxe4 4. Nxe4 Bf5 5. Ng3 Bg6 6. N1e2 e6 7. Nf4 Qc7 8. Bd3 Bxd3 9. Nxd3 Nf6 10. Bf4 Bd6 11. Bxd6 Qxd6 12. c3 Nbd7 1/2-1/2

[Event "Kiev Spring op"]
[Site "Kiev"]
[Date "2021.07.15"]
[Round "7"]
[White "Arutyunova, Diana"]
[Black "Klymenko, Volodymyr"]
[Result "0-1"]
[WhiteElo "2220"]
[BlackElo "1509"]
[PlyCount "98"]
[EventDate "2021.07.10"]
[EventType "swiss"]
[EventRounds "9"]
[EventCountry "UKR"]
[SourceTitle "EXT 2024"]
[Source "ChessBase"]
[SourceDate "2023.10.10"]
[SourceVersion "1"]
[SourceVersionDate "2023.10.10"]
[SourceQuality "1"]

1. e4 e5 2. Nf3 Nc6 3. d4 exd4 4. Nxd4 Bc5 5. Nf5 d5 6. Nxg7+ Kf8 7. Nh5 dxe4 8. Qxd8+ Nxd8 9. Nc3 f5 10. Nb5 Ne6 11. Bd2 c6 12. Bc3 cxb5 13. Bxh8 Bd7 14. Ng3 Nh6 15. Be2 Bc6 16. 0-0 f4 17. Nh5 Kf7 18. Be5 f3 19. gxf3 exf3 20. Bd3 Ng5 21. Bg3 Nh3+ 22. Kh1 Ng4 23. a4 bxa4 24. Rad1 Ngxf2+ 25. Bxf2 Nxf2+ 26. Rxf2 Bxf2 27. Bc4+ Kf8 28. Bd5 Rd8 29. Nf4 Bxd5 30. c4 Be3 31. Nxd5 Bc5 32. Rf1 f2 33. Nf6 Bd4 34. Ne4 Rd7 35. Kg2 Rg7+ 36. Ng3 Rf7 37. Ra1 Be5 38. Nf1 Bxb2 39. Rxa4 Bd4 40. Ng3 Re7 41. Ra5 Re5 42. Ra3 a5 43. Nf1 b6 44. Nd2 Rg5+ 45. Kf3 Rg1 46. Ke4 Bc5 47. Rf3+ Ke7 48. Kd3 a4 49. Ne4 f1Q+ 0-1

[Event "Kiev Spring op"]
[Site "Kiev"]
[Date "2021.07.14"]
[Round "6"]
[White "Marchenko, Ameliia"]
[Black "Arutyunova, Diana"]
[Result "0-1"]
[WhiteElo "1279"]
[BlackElo "2220"]
[PlyCount "92"]
[EventDate "2021.07.10"]
[EventType "swiss"]
[EventRounds "9"]
[EventCountry "UKR"]
[SourceTitle "EXT 2024"]
[Source "ChessBase"]
[SourceDate "2023.10.10"]
[SourceVersion "1"]
[SourceVersionDate "2023.10.10"]
[SourceQuality "1"]

1. e4 d6 2. d4 Nf6 3. Nc3 c6 4. Nf3 Qa5 5. Bd3 e5 6. dxe5 dxe5 7. h3 Be7 8. 0-0 0-0 9. Re1 Nbd7 10. Bg5 b5 11. Ne2 Qc7 12. Bxf6 Bxf6 13. Ng3 g6 14. Qe2 a6 15. c3 c5 16. Bc2 Re8 17. Nf1 Bb7 18. Rad1 Bg7 19. c4 Nb6 20. Bb3 b4 21. Bc2 a5 22. Ne3 Ba6 23. b3 a4 24. Nd5 Nxd5 25. exd5 Qd6 26. Nd2 f5 27. f3 axb3 28. Bxb3 Bc8 29. g4 e4 30. Qg2 Qf4 31. fxe4 fxg4 32. h4 Qh6 33. Nf1 Bd4+ 34. Rxd4 cxd4 35. e5 Qxh4 36. Qg3 Qg5 37. c5 Rf8 38. d6+ Kg7 39. e6 Qxc5 40. e7 Re8 41. Qf4 d3+ 42. Re3 Bf5 43. Kh2 Ra6 44. d7 Bxd7 45. Re5 Rxa2+ 46. Nd2 Rxd2+ 0-1

[Event "Mariupol CC 50th Aniversary"]
[Site "Mariupol"]
[Date "2021.06.09"]
[Round "3"]
[White "Babiy, Olga"]
[Black "Arutyunova, Diana"]
[Result "1/2-1/2"]
[WhiteElo "2280"]
[BlackElo "2227"]
[PlyCount "49"]
[EventDate "2021.06.08"]
[EventType "swiss"]
[EventRounds "9"]
[EventCountry "UKR"]
[SourceTitle "CBM 203 Extra"]
[Source "ChessBase"]
[SourceDate "2021.09.30"]
[SourceVersion "1"]
[SourceVersionDate "2021.09.30"]
[SourceQuality "1"]

1. Nf3 c5 2. g3 g6 3. Bg2 Bg7 4. c4 Nc6 5. 0-0 d6 6. d3 e6 7. Nc3 Nge7 8. e4 0-0 9. Bg5 a6 10. Qd2 Qc7 11. a3 Re8 12. Rab1 Qa5 13. Bh6 Nd4 14. Bxg7 Kxg7 15. Rfd1 Nxf3+ 16. Bxf3 Nc6 17. Ne2 Qxd2 18. Rxd2 Nd4 19. Nxd4 cxd4 20. b4 e5 21. Rc2 Bd7 22. Bd1 Ba4 23. Rcb2 Bxd1 24. Rxd1 b6 25. Rc1 1/2-1/2

[Event "Lisbon Portugal rapid op"]
[Site "Lisbon"]
[Date "2019.02.10"]
[Round "2"]
[White "Arutyunova, Diana"]
[Black "Fernandes, Alvaro Manuel Teixe"]
[Result "1-0"]
[WhiteElo "2227"]
[BlackElo "1745"]
[PlyCount "71"]
[EventDate "2019.02.10"]
[EventType "swiss (rapid)"]
[EventRounds "8"]
[EventCountry "POR"]
[SourceTitle "CBM 188 Extra"]
[Source "ChessBase"]
[SourceDate "2019.02.26"]
[SourceVersion "1"]
[SourceVersionDate "2019.02.26"]
[SourceQuality "1"]

1. e4 c5 2. Nf3 g6 3. d4 Bg7 4. c4 Qa5+ 5. Bd2 Qc7 6. Bc3 d6 7. dxc5 Bxc3+ 8. Nxc3 Qxc5 9. Nd5 Na6 10. b4 Nxb4 11. Qa4+ Nc6 12. Nc7+ Kd8 13. Nxa8 Nf6 14. Bd3 b6 15. Qb5 Bb7 16. Nxb6 axb6 17. Qxc5 dxc5 18. e5 Ng4 19. Be4 Kc7 20. 0-0 Ngxe5 21. Nxe5 Nxe5 22. Bxb7 Kxb7 23. Rad1 Kc7 24. Rfe1 Nc6 25. Rd3 e5 26. Rd5 f6 27. f4 Re8 28. fxe5 Nb4 29. Rd6 fxe5 30. Red1 Re7 31. Rf6 e4 32. Rdd6 e3 33. Rde6 Rd7 34. Rxe3 Kb7 35. a3 Nc2 36. Rb3 1-0

[Event "Lisbon Portugal rapid op"]
[Site "Lisbon"]
[Date "2019.02.10"]
[Round "8"]
[White "Arutyunova, Diana"]
[Black "Golecki, Jan"]
[Result "0-1"]
[WhiteElo "2227"]
[BlackElo "2018"]
[PlyCount "59"]
[EventDate "2019.02.10"]
[EventType "swiss (rapid)"]
[EventRounds "8"]
[EventCountry "POR"]
[SourceTitle "CBM 188 Extra"]
[Source "ChessBase"]
[SourceDate "2019.02.26"]
[SourceVersion "1"]
[SourceVersionDate "2019.02.26"]
[SourceQuality "1"]

1. e4 d6 2. d4 Nf6 3. Nc3 Nbd7 4. Be3 e5 5. Nf3 Be7 6. h3 c6 7. a4 a5 8. Be2 Qc7 9. 0-0 h6 10. Nh4 Nf8 11. Nf5 Bxf5 12. exf5 N8h7 13. Bd3 Ng5 14. f4 exf4 15. Bxf4 0-0 16. h4 Ngh7 17. Qf3 Qb6 18. Ne2 Nd5 19. Bg3 Nb4 20. c3 Nxd3 21. Qxd3 Nf6 22. Bf4 Nd5 23. Qg3 Kh8 24. Bc1 Bf6 25. Qxd6 Rfe8 26. Ng3 Be5 27. Qd7 Re7 28. Qxe7 Nxe7 29. Ne4 Bxd4+ 30. Kh1 0-1

[Event "Wch Blitz (Women)"]
[Site "St Petersburg"]
[Date "2018.12.30"]
[Round "15"]
[White "Dumcheva, Julia"]
[Black "Arutyunova, Diana"]
[Result "0-1"]
[WhiteElo "2168"]
[BlackElo "2227"]
[PlyCount "36"]
[EventDate "2018.12.29"]
[EventType "swiss (blitz)"]
[EventRounds "17"]
[EventCountry "RUS"]
[SourceTitle "CBM 187 Extra"]
[Source "ChessBase"]
[SourceDate "2018.11.04"]
[SourceVersion "1"]
[SourceVersionDate "2018.11.04"]
[SourceQuality "1"]

1. e4 d6 2. d4 Nf6 3. Nc3 c6 4. h4 Qa5 5. Nf3 Nxe4 6. Bd2 Nxc3 7. Bxc3 Qc7 8. Qd2 d5 9. 0-0-0 Bg4 10. Be2 Bxf3 11. Bxf3 Nd7 12. Rde1 e6 13. Kb1 0-0-0 14. Ba5 b6 15. Bc3 Kb7 16. g4 Bd6 17. Qg5 Rhg8 18. Qh5 Nf6 0-1

[Event "Wch Blitz (Women)"]
[Site "St Petersburg"]
[Date "2018.12.29"]
[Round "9"]
[White "Afonasieva, Anna"]
[Black "Arutyunova, Diana"]
[Result "0-1"]
[WhiteElo "2207"]
[BlackElo "2227"]
[PlyCount "76"]
[EventDate "2018.12.29"]
[EventType "swiss (blitz)"]
[EventRounds "17"]
[EventCountry "RUS"]
[SourceTitle "CBM 187 Extra"]
[Source "ChessBase"]
[SourceDate "2018.11.04"]
[SourceVersion "1"]
[SourceVersionDate "2018.11.04"]
[SourceQuality "1"]

1. d4 e6 2. Nf3 f5 3. c4 Nf6 4. g3 Be7 5. Bg2 0-0 6. 0-0 d6 7. Nc3 Ne4 8. Qc2 Nxc3 9. Qxc3 a5 10. b3 Bf6 11. Bb2 Nc6 12. Qc2 e5 13. dxe5 dxe5 14. Rad1 Qe8 15. e4 Qh5 16. c5 Kh8 17. Nd2 f4 18. Qc3 Nd4 19. Qd3 Ne2+ 20. Kh1 Rd8 21. Bf3 Rxd3 22. Bxh5 Nc3 23. Bxc3 Rxc3 24. gxf4 exf4 25. Nc4 Be6 26. Rc1 Rh3 27. Be2 f3 28. Bd3 Bg5 29. Rg1 Bf4 30. Rgd1 Rxh2+ 31. Kg1 Rg2+ 32. Kf1 Bh2 33. Ke1 Bg1 34. Kd2 Rxf2+ 35. Kc3 Bh2 36. Rf1 Rxf1 37. Rxf1 Rf8 38. Ne5 Bxe5+ 0-1

[Event "Wch Blitz (Women)"]
[Site "St Petersburg"]
[Date "2018.12.29"]
[Round "3"]
[White "Ushenina, Anna"]
[Black "Arutyunova, Diana"]
[Result "1-0"]
[WhiteElo "2440"]
[BlackElo "2227"]
[PlyCount "125"]
[EventDate "2018.12.29"]
[EventType "swiss (blitz)"]
[EventRounds "17"]
[EventCountry "RUS"]
[SourceTitle "CBM 187 Extra"]
[Source "ChessBase"]
[SourceDate "2018.11.04"]
[SourceVersion "1"]
[SourceVersionDate "2018.11.04"]
[SourceQuality "1"]

1. d4 e6 2. Nf3 f5 3. Bf4 Nf6 4. e3 Be7 5. h3 0-0 6. Be2 d6 7. c4 Ne4 8. Nfd2 Nxd2 9. Qxd2 Bf6 10. Nc3 e5 11. dxe5 dxe5 12. Qxd8 Rxd8 13. Bh2 Be6 14. Nd5 Bxd5 15. cxd5 c6 16. dxc6 Nxc6 17. f3 Nb4 18. Bc4+ Kf8 19. Ke2 Rac8 20. Rac1 Rd6 21. Bb3 Rcd8 22. Rhd1 Rxd1 23. Bxd1 Nc6 24. Ba4 Rd6 25. g4 f4 26. exf4 exf4 27. Bxf4 Rd4 28. Bxc6 Rxf4 29. Be4 Bxb2 30. Rc8+ Ke7 31. Rc7+ Kd6 32. Rxb7 Bd4 33. Bxh7 Rf8 34. Be4 Rh8 35. Kd3 Bb6 36. Rxg7 Rxh3 37. g5 Ke6 38. g6 Rh8 39. a4 Rd8+ 40. Kc4 Rc8+ 41. Kb4 Bc5+ 42. Kb5 Bd4 43. Rf7 Rc5+ 44. Ka6 Rc4 45. a5 Ra4 46. Bc6 Ra3 47. Kb5 Bc3 48. a6 Bd4 49. Bb7 Bb6 50. Rf8 Ra5+ 51. Kc4 Rg5 52. Be4 Ke7 53. Ra8 Kf6 54. Rb8 Ra5 55. Bb7 Kxg6 56. Kb4 Re5 57. Be4+ Kf6 58. Rxb6+ axb6 59. a7 Ra5 60. a8Q Rxa8 61. Bxa8 Ke5 62. Kb5 Kf4 63. Kxb6 1-0

[Event "Wch Rapid (Women)"]
[Site "St Petersburg"]
[Date "2018.12.28"]
[Round "9"]
[White "Arutyunova, Diana"]
[Black "Tomashevskaya, Lidia"]
[Result "1/2-1/2"]
[WhiteElo "2227"]
[BlackElo "2123"]
[PlyCount "103"]
[EventDate "2018.12.26"]
[EventType "swiss (rapid)"]
[EventRounds "12"]
[EventCountry "RUS"]
[SourceTitle "CBM 187 Extra"]
[Source "ChessBase"]
[SourceDate "2018.11.04"]
[SourceVersion "1"]
[SourceVersionDate "2018.11.04"]
[SourceQuality "1"]

1. e4 e5 2. Nf3 Nc6 3. Bb5 a6 4. Ba4 Nf6 5. Qe2 d6 6. c3 Be7 7. d4 b5 8. Bc2 0-0 9. d5 Nb8 10. 0-0 c6 11. dxc6 Nxc6 12. Rd1 Qc7 13. a4 b4 14. c4 Bg4 15. Be3 b3 16. Bxb3 Nxe4 17. h3 Bxf3 18. Qxf3 Nc5 19. Bc2 Nb4 20. Qe2 Rab8 21. Nc3 Nxc2 22. Qxc2 Nb3 23. Nd5 Nxa1 24. Rxa1 Qb7 25. b4 Rfc8 26. Nb6 Rc6 27. a5 Bd8 28. Nd5 Rbc8 29. Qe4 f5 30. Qxf5 Rxc4 31. Qe6+ Qf7 32. Qxd6 e4 33. Bc5 Rc2 34. Re1 Bh4 35. Rf1 Rd8 36. Ne7+ Bxe7 37. Qxe7 Qxe7 38. Bxe7 Rdd2 39. Bc5 Rd5 40. Re1 Rdxc5 41. bxc5 Rxc5 42. Rxe4 Rxa5 43. Re7 Ra2 44. g4 h6 45. Kg2 a5 46. Ra7 a4 47. Kf3 Ra3+ 48. Kf4 Rxh3 49. Rxa4 Rb3 50. Re4 Kf7 51. Ra4 Rb5 52. Ra7+ 1/2-1/2

[Event "Wch Rapid (Women)"]
[Site "St Petersburg"]
[Date "2018.12.28"]
[Round "12"]
[White "Gvanceladze, Anna"]
[Black "Arutyunova, Diana"]
[Result "1-0"]
[WhiteElo "2264"]
[BlackElo "2227"]
[PlyCount "155"]
[EventDate "2018.12.26"]
[EventType "swiss (rapid)"]
[EventRounds "12"]
[EventCountry "RUS"]
[SourceTitle "CBM 187 Extra"]
[Source "ChessBase"]
[SourceDate "2018.11.04"]
[SourceVersion "1"]
[SourceVersionDate "2018.11.04"]
[SourceQuality "1"]

1. e4 d6 2. d4 Nf6 3. Nd2 e5 4. Ngf3 Nbd7 5. Bd3 g6 6. 0-0 Bg7 7. dxe5 dxe5 8. b3 0-0 9. Bb2 Nh5 10. Re1 Qe7 11. a4 Rd8 12. Bf1 Nc5 13. Qc1 Bh6 14. Bc3 Nf4 15. Bxe5 Nh3+ 16. gxh3 Bxd2 17. Nxd2 Qxe5 18. Nc4 Qh5 19. Qe3 Ne6 20. Be2 Qg5+ 21. Qg3 Qxg3+ 22. hxg3 Nd4 23. Bd1 Bxh3 24. c3 Ne6 25. Kh2 Rxd1 26. Rexd1 Bg4 27. Rd5 c6 28. Rd2 Nc5 29. Rb2 Nxe4 30. Ne5 Be6 31. c4 Rd8 32. Re1 Nc5 33. Re3 Rd1 34. Kg2 Bf5 35. g4 Be6 36. g5 Kg7 37. f3 Bf5 38. a5 Ne6 39. a6 bxa6 40. Nxc6 Nxg5 41. Re7 Bh3+ 42. Kh2 Be6 43. Rxa7 Nxf3+ 44. Kg3 Nd2 45. Nd8 Ne4+ 46. Kf4 Nc5 47. Nxe6+ Nxe6+ 48. Ke3 Rd6 49. b4 Rc6 50. c5 Nc7 51. Rd2 Re6+ 52. Kf4 Nb5 53. Rb7 Rf6+ 54. Kg3 h5 55. Rb6 g5 56. Rxf6 Kxf6 57. Rd8 Ke7 58. Rg8 f6 59. Rh8 h4+ 60. Kg4 Ke6 61. Re8+ Kd5 62. Ra8 Nc7 63. Rc8 Kc6 64. Rb8 Nd5 65. Kf5 Kc7 66. Rf8 Nxb4 67. Rxf6 Nd5 68. Rxa6 Nc3 69. Rh6 Na4 70. c6 Nb6 71. Ke5 h3 72. Kd4 g4 73. Kc5 Na4+ 74. Kb4 Nb2 75. Kb5 Nd3 76. Rh7+ Kd8 77. c7+ Kc8 78. Kb6 1-0

[Event "Wch Rapid (Women)"]
[Site "St Petersburg"]
[Date "2018.12.27"]
[Round "5"]
[White "Arutyunova, Diana"]
[Black "Smirnova, Ekaterina"]
[Result "1/2-1/2"]
[WhiteElo "2227"]
[BlackElo "2192"]
[PlyCount "67"]
[EventDate "2018.12.26"]
[EventType "swiss (rapid)"]
[EventRounds "12"]
[EventCountry "RUS"]
[SourceTitle "CBM 187 Extra"]
[Source "ChessBase"]
[SourceDate "2018.11.04"]
[SourceVersion "1"]
[SourceVersionDate "2018.11.04"]
[SourceQuality "1"]

1. e4 e6 2. d4 d5 3. Nc3 Bb4 4. Nge2 dxe4 5. a3 Bxc3+ 6. Nxc3 Nc6 7. Be3 Nf6 8. Qd2 Bd7 9. 0-0-0 Qe7 10. Bg5 0-0-0 11. Bxf6 gxf6 12. Nxe4 Be8 13. Qe3 Kb8 14. Nc5 b6 15. Nb3 Qd6 16. Qf3 f5 17. Ba6 Qd5 18. Qg3 Bd7 19. c4 Qd6 20. Qf3 Bc8 21. Bxc8 Kxc8 22. Rhe1 Rhg8 23. d5 Ne5 24. Qc3 Ng4 25. f3 Nxh2 26. Rd2 Qf4 27. Qd4 Qg3 28. Qf2 Qf4 29. Qd4 Qg3 30. Qf2 Qf4 31. Qd4 Qg3 32. Qf2 Qf4 33. Qd4 Qg3 34. Qf2 1/2-1/2

[Event "Wch Rapid (Women)"]
[Site "St Petersburg"]
[Date "2018.12.26"]
[Round "3"]
[White "Arutyunova, Diana"]
[Black "Khademalsharieh, Sarasadat"]
[Result "0-1"]
[WhiteElo "2227"]
[BlackElo "2470"]
[PlyCount "134"]
[EventDate "2018.12.26"]
[EventType "swiss (rapid)"]
[EventRounds "12"]
[EventCountry "RUS"]
[SourceTitle "CBM 187 Extra"]
[Source "ChessBase"]
[SourceDate "2018.11.04"]
[SourceVersion "1"]
[SourceVersionDate "2018.11.04"]
[SourceQuality "1"]

1. e4 e5 2. Nf3 Nc6 3. d4 exd4 4. Nxd4 Nf6 5. Nc3 Bc5 6. Nxc6 bxc6 7. Bg5 h6 8. Bh4 Qe7 9. Bd3 Rb8 10. 0-0 d6 11. Na4 Bb6 12. Nxb6 Rxb6 13. f4 0-0 14. Qc1 Qe6 15. e5 dxe5 16. fxe5 Ng4 17. Bf5 Qxe5 18. Bxg4 Bxg4 19. Qf4 Qxf4 20. Rxf4 Be6 21. Be7 Re8 22. Ba3 Rd8 23. Rff1 Rd2 24. Rf2 Rd5 25. c4 Rd3 26. Rc1 Rb8 27. b3 Rbd8 28. Bb4 f5 29. Re2 Bf7 30. Re5 f4 31. Rf1 g5 32. h4 Re3 33. Rxe3 fxe3 34. Re1 Re8 35. hxg5 hxg5 36. Bc5 e2 37. Bxa7 Ra8 38. Be3 Rxa2 39. Bxg5 Bh5 40. Bf4 Rb2 41. Bxc7 Rxb3 42. c5 Kf7 43. Kf2 Ke6 44. Rh1 Bg4 45. Bd6 Rd3 46. Re1 Kf5 47. Bf8 Ke4 48. Bd6 Rd2 49. Kg3 Rd1 50. Kf2 Kd3 51. Be7 Ke4 52. Bd6 Rd3 53. Be7 Rd7 54. Bd6 Rf7+ 55. Kg1 Ke3 56. Ra1 Ra7 57. Rb1 Bf5 58. Rc1 Rg7 59. Be5 Rd7 60. Re1 Rd1 61. Bc3 Rd3 62. Ba5 Ra3 63. Bc7 Rc3 64. Bd6 Bg4 65. Bf8 Rc4 66. Bh6+ Kd3 67. Bf8 Kd2 0-1

[Event "EU-ch blitz"]
[Site "Skopje"]
[Date "2018.12.06"]
[Round "5"]
[White "Arutyunova, Diana"]
[Black "Saric, Ivan"]
[Result "0-1"]
[WhiteElo "2227"]
[BlackElo "2695"]
[PlyCount "52"]
[EventDate "2018.12.06"]
[EventType "swiss (blitz)"]
[EventRounds "22"]
[EventCountry "MKD"]
[SourceTitle "CBM 187 Extra"]
[Source "ChessBase"]
[SourceDate "2018.11.04"]
[SourceVersion "1"]
[SourceVersionDate "2018.11.04"]
[SourceQuality "1"]

1. e4 g6 2. d4 Bg7 3. Nc3 d6 4. Be3 c6 5. f3 b5 6. Qd2 Nd7 7. 0-0-0 Qa5 8. Kb1 Nb6 9. Bd3 Rb8 10. h4 Be6 11. b3 Nc4 12. Bxc4 bxc4 13. Nce2 Qa3 14. Qc1 Qa6 15. d5 cxd5 16. Bd4 Nf6 17. exd5 cxb3 18. cxb3 Bxd5 19. Qb2 0-0 20. h5 Rfc8 21. g4 e5 22. Bc3 Be6 23. hxg6 hxg6 24. g5 Nd5 25. Be1 Bf5+ 26. Ka1 Rc2 0-1